Loading...
| Mythology | 0 | 4 | 0 | 1 | 40 | 61 | 96.75 | 3 | 4 |
| History - Other History | 0 | 3 | 1 | 1 | 25 | 114 | 127.67 | 0 | 3 |
| Religion | 0 | 3 | 1 | 0 | 25 | 98 | 119.33 | 0 | 3 |
| Science - Biology | 0 | 2 | 0 | 1 | 20 | 97 | 107.50 | 1 | 2 |
| Fine Arts - Other Fine Arts | 0 | 2 | 0 | 0 | 20 | 89 | 108.50 | 2 | 2 |
| Literature - American Literature | 0 | 2 | 1 | 0 | 15 | 114 | 118.50 | 0 | 2 |
| Fine Arts - Classical Music | 0 | 1 | 0 | 0 | 10 | 98 | 98.00 | 0 | 1 |
| History - European History | 0 | 1 | 0 | 0 | 10 | 129 | 129.00 | 0 | 1 |
| Philosophy | 0 | 1 | 0 | 0 | 10 | 90 | 90.00 | 0 | 1 |
| Science - Other Science | 0 | 1 | 0 | 0 | 10 | 124 | 124.00 | 0 | 1 |
| History - World History | 0 | 1 | 1 | 0 | 5 | 69 | 69.00 | 1 | 1 |
| Social Science | 0 | 0 | 0 | 0 | 0 | 0.00 | 0 | 0 | |
| History - American History | 0 | 1 | 2 | 0 | 0 | 109 | 109.00 | 1 | 1 |
| Science - Physics | 0 | 0 | 1 | 0 | -5 | 0.00 | 0 | 0 | |
| Literature - European Literature | 0 | 0 | 1 | 0 | -5 | 0.00 | 0 | 0 |